=LDR 00000nam 2200000 4500 =001 000767 =005 20250711103932 =035 ##$$a 0010-0725000635 =007 ta =008 250711################a##########0#ind## =020 ##$$a 978-623-307-733-0 =082 ##$$a 398.209 598 =084 ##$$a 398.209 598 LIL s =100 #$$a Lilje, Karen =245 1#$$a Spotty, hiena yang sedih /$c Karen Lil J, Michelle Preen, Wilna, Combrinc =250 ##$$a Cetakan pertama =260 ##$$a Jakarta :$b Badan pengembangan dan pembinaan bahasa,$c 2022 =300 ##$$a 20 hlm. : $b Ilus. ; $c 22 cm =650 #4$$a Cerita anak indonesia-terjemahan =650 #4$$a Literasi-bahan bacaan